[Event "COL-ch sf (Women)"]
[Site "Pereira"]
[Date "2024.03.31"]
[Round "8"]
[White "Echeverry Ramirez, Maria Yesenia"]
[Black "Agudelo Zapata, Yarli Alejandra"]
[Result "1/2-1/2"]
[WhiteElo "1939"]
[BlackElo "1773"]
[PlyCount "27"]
[EventDate "2024.03.27"]
[EventType "swiss"]
[EventRounds "9"]
[EventCountry "COL"]
[SourceTitle "CB14_2024"]
[SourceDate "2024.04.01"]
[SourceVersion "1"]
[SourceVersionDate "2024.04.01"]
[SourceQuality "1"]

1. c4 e5 2. Nc3 Nf6 3. d3 Be7 4. Nf3 Nc6 5. e3 0-0 6. Be2 d5 7. cxd5 Nxd5 8. 0-0 Bf6 9. Ne4 Bf5 10. Nxf6+ Nxf6 11. e4 Bg4 12. Bg5 h6 13. Bh4 Qd6 14. Rc1 1/2-1/2

[Event "COL-ch sf (Women)"]
[Site "Pereira"]
[Date "2024.03.30"]
[Round "6"]
[White "Echeverry Ramirez, Maria Yesenia"]
[Black "Morales Perez, Ghisell Gabriela"]
[Result "1-0"]
[WhiteElo "1939"]
[BlackElo "1817"]
[PlyCount "43"]
[EventDate "2024.03.27"]
[EventType "swiss"]
[EventRounds "9"]
[EventCountry "COL"]
[SourceTitle "CB14_2024"]
[SourceDate "2024.04.01"]
[SourceVersion "1"]
[SourceVersionDate "2024.04.01"]
[SourceQuality "1"]

1. d4 Nf6 2. c4 c5 3. d5 b5 4. Nd2 b4 5. e4 d6 6. f4 Qc7 7. h3 e6 8. Bd3 Be7 9. g4 h6 10. Ngf3 exd5 11. cxd5 g5 12. Nc4 Ba6 13. e5 Nxd5 14. Nxd6+ Bxd6 15. Bxa6 Qc6 16. Bc4 Nb6 17. exd6 Nxc4 18. Qe2+ Kd8 19. 0-0 Nxd6 20. Rd1 Re8 21. Ne5 Kc7 22. Qd3 1-0

[Event "COL-ch sf (Women)"]
[Site "Pereira"]
[Date "2024.03.29"]
[Round "4"]
[White "Echeverry Ramirez, Maria Yesenia"]
[Black "Caro Estrada, Esveny"]
[Result "1/2-1/2"]
[WhiteElo "1939"]
[BlackElo "1779"]
[PlyCount "21"]
[EventDate "2024.03.27"]
[EventType "swiss"]
[EventRounds "9"]
[EventCountry "COL"]
[SourceTitle "CB14_2024"]
[SourceDate "2024.04.01"]
[SourceVersion "1"]
[SourceVersionDate "2024.04.01"]
[SourceQuality "1"]

1. d4 Nf6 2. c4 g6 3. Nc3 d5 4. cxd5 Nxd5 5. e4 Nxc3 6. bxc3 Bg7 7. Nf3 c5 8. Bb5+ Nd7 9. 0-0 0-0 10. Qb3 Qc7 11. e5 1/2-1/2

[Event "COL-ch sf (Women)"]
[Site "Pereira"]
[Date "2024.03.28"]
[Round "2"]
[White "Echeverry Ramirez, Maria Yesenia"]
[Black "Lopez Mahecha, Natalia"]
[Result "1-0"]
[WhiteElo "1939"]
[BlackElo "1625"]
[PlyCount "71"]
[EventDate "2024.03.27"]
[EventType "swiss"]
[EventRounds "9"]
[EventCountry "COL"]
[SourceTitle "CB14_2024"]
[SourceDate "2024.04.01"]
[SourceVersion "1"]
[SourceVersionDate "2024.04.01"]
[SourceQuality "1"]

1. c4 e6 2. Nc3 Nf6 3. Nf3 d5 4. cxd5 exd5 5. e3 c6 6. Be2 Bd6 7. h3 Nbd7 8. 0-0 0-0 9. a3 b5 10. Nd4 Bb7 11. f4 a6 12. Bf3 g6 13. b4 a5 14. bxa5 Qxa5 15. Nb3 Qb6 16. d4 Ra7 17. a4 Rfa8 18. a5 Qd8 19. Bd2 b4 20. Na2 Qe7 21. Qe1 c5 22. dxc5 Nxc5 23. Nxc5 Bxc5 24. Nxb4 d4 25. Nd3 Bxf3 26. Rxf3 dxe3 27. Bxe3 Bxe3+ 28. Rxe3 Qc7 29. Re5 Qc4 30. Re3 Nd5 31. Re8+ Rxe8 32. Qxe8+ Kg7 33. Rd1 Qd4+ 34. Nf2 Qc4 35. Qe5+ Nf6 36. Rd6 1-0